| 000 | nam a22 a 4500 | ||
|---|---|---|---|
| 999 |
_c144 _d144 |
||
| 003 | AKMAL | ||
| 005 | 20170420154924.0 | ||
| 008 | 170420s1999 my 00 may d | ||
| 020 | _a9676109231 (kkt.): | ||
| 040 | _aAKMAL | ||
| 082 | 0 | 4 | _a371.1022 ABD |
| 090 | 2 | 0 |
_a371.1022 _bABD |
| 100 | 0 |
_aAbdullah Hassan, _d1942- _9341 |
|
| 245 | 1 | 0 |
_aKemahiran menyelesaikan krisis rumah tangga / _cAbdullah Hassan & Ainon Mohd. |
| 260 |
_aKuala Lumpur : _bUtusan Publications & Distributors, _c1999 |
||
| 300 | 0 | 0 |
_a248ms. ; _c19cm |
| 504 | _aBibliografi: ms. 239-248 | ||
| 650 | 0 |
_aFamily _9363 |
|
| 650 | 0 |
_aBroken homes _9364 |
|
| 650 | 0 |
_aProblem families _9365 |
|
| 650 | 0 |
_aHusband and wife _9366 |
|
| 700 | 0 |
_aAinon Muhammad, _d1950- _9343 |
|
| 942 |
_2ddc _cBOOK |
||